| 000 | 01051nam a2200289Ia 4500 | ||
|---|---|---|---|
| 003 | GCL | ||
| 005 | 20240530104436.0 | ||
| 008 | 140319s9999 xx 000 0 ara d | ||
| 040 |
_aGCL / _cGCL |
||
| 082 | 0 | 4 |
_a327.174 _bص ص |
| 100 | 1 | _aمركز الاهرام للترجمة والنشر | |
| 245 | 1 | 0 |
_aالصواريخ ام الخبز : _bالاقتصاد السياسى للحد من الاسلحة فى الشرق الاوسط / _cمركز الاهرام للترجمة والنشر |
| 300 | _a152 ص | ||
| 490 |
_aالهيئة العامة للاستعلامات _v0 |
||
| 650 | 0 | 4 | _aسوريا |
| 650 | 0 | 4 | _aالعراق |
| 650 | 0 | 4 | _aاسرائيل |
| 650 | 0 | 4 | _aنزع السلاح |
| 650 | 0 | 4 | _aالاردن |
| 650 | 0 | 4 | _aالاسلحة والذخيرة |
| 650 | 0 | 4 | _aالمملكة العربية السعودية |
| 650 | 0 | 4 | _aالاسلحة والتسليح |
| 650 | 0 | 4 | _aالصراعات الدولية |
| 650 | 0 | 4 | _aالشرق الاوسط - تاريخ |
| 700 | 1 | _aصادوفسكى، يحى م0 | |
| 942 |
_2ddc _cBK |
||
| 999 |
_c47705 _d47705 |
||